Les 20 fleuves de France qui traversent le plus de communes - Statistiques

Statistiques générales
  • Ce quiz a été pris 385 fois
    353 depuis la dernière actualisation
  • Le résultat moyen est 10 sur 20
Statistiques - réponses
nombre de communes traversées nom du fleuve % Correct
356 Loire
99%
393 Seine
98%
203 Rhône
97%
211 Garonne
96%
51 Rhin
91%
181 Meuse
72%
122 Charente
59%
57 Vilaine
57%
43 Herault
48%
119 Adour
46%
75 Aude
46%
78 Orne
46%
38 Sevre Niortaise
25%
44 Têt
17%
32 Rance
14%
48 Vire
14%
33 Orb
13%
34 Blavet
12%
25 Aulne
11%
33 Lay
6%
Aucun quiz correspondant
Distribution des résultats
% des personnes avec chaque résultat
Percentile par nombre de réponses
Votre historique - résultats
Vous n’avez pas pris ce quiz depuis la dernière actualisation